Clubs de Pro league de la saison 2025-2026 - Statistiques

Statistiques générales
  • Ce quiz a été pris 123 fois
  • Le résultat moyen est 12 sur 16
Statistiques - réponses
Réponse % Correct
A Anderlecht | Rsc Anderlecht | RSCA
96%
A Antwerp | Anvers | Royal Antwerp FC
96%
B Bruges | Club Brugge
93%
U Union | Royal Union SG | RUSG
89%
L La Gantoise | KAA Gent
85%
G Genk | KRC Genk
81%
S Standard de Liège | RSCL
74%
Z Zulte Waregem | Zulte
74%
C Cercle Bruges | Cercle de Bruges
70%
W Westerlo | KVC Westerlo
70%
M Malines | Kv Mechelen
63%
C Charleroi | RCSC
59%
D Dender | FCV Dender
56%
S Saint-Trond | STVV
56%
L La Louvière | RAAL
52%
L Louvain | Leuven | OHL
52%
Aucun quiz correspondant
Distribution des résultats
% des personnes avec chaque résultat
Percentile par nombre de réponses
Votre historique - résultats
Vous n’avez pas pris ce quiz